U.S. Cities Named for People - Sudden Death - Statistics

General Stats
  • This quiz has been taken 24,819 times
    24,724 since last reset
  • The average score is 9 of 20
Answers on the Grid
Answers color-coded by a green-red scale on the quiz's grid according to % correct below.
Annapolis
Austin
Baltimore
Bismarck
Boise
Boston
Buffalo
Carson City
Charleston
Charlotte
Chicago
Cleveland
Dallas
Denver
Detroit
Fort Worth
Houston
Lincoln
Memphis
Nashville
Philadelphia
Phoenix
Pittsburgh
Portland
Raleigh
Reno
San Francisco
Seattle
St. Louis
Syracuse
Toledo
Wichita
 
Answer Stats
Answer % Correct
Stephen F. Austin Austin
71%
Abraham Lincoln Lincoln
71%
Otto von Bismarck Bismarck
69%
King Charles II Charleston
65%
Louis IX of France St. Louis
64%
Charlotte (Wife of George III) Charlotte
63%
Kit Carson Carson City
61%
St. Francis of Assisi San Francisco
53%
Sir Walter Raleigh Raleigh
50%
Queen Anne of Great Britain Annapolis
47%
Moses Cleaveland Cleveland
47%
Sam Houston Houston
45%
William Pitt the Elder Pittsburgh
34%
Francis Nash Nashville
32%
Lord Baltimore Baltimore
31%
William J. Worth Fort Worth
30%
George M. Dallas Dallas
22%
James W. Denver Denver
20%
Jesse L. Reno Reno
14%
Chief Seattle Seattle
9%
No matching quizzes found
Score Distribution
Percent of People with Each Score
Percentile by Number Answered
Your Score History
You have not taken this quiz since the last reset